000 00700nam a22001577a 4500
003 OSt
005 20161123144330.0
008 161123b xxu||||| |||| 00| 0 eng d
040 _cRUA
082 _aVEM HUN 2015 B533 Or.1
100 _911315
_aHUN SREYNITH; ហ៊ុន ស្រីនីត
245 _aStudy on epidemiology of food and mouth disease in cattle at santuk district, kampong thom provice; សិក្សាពីកម្រិតរាលដាលនៃជំងឺអុតក្តាម​ នៅក្នុងស្រុកសន្ទុក ខេត្តកំពង់ធំ
260 _aPHNOM PENH
_bHUN
_c2015
300 _aviii;34p.
_bill.
_c29cm.
942 _2ddc
_cVEM
999 _c10879
_d10879